Grandeur et decadence de Rome / (Record no. 63527)

MARC details
000 -LEADER
campo de control de longitud fija 00440nam a2200169 i 4500
001 - NÚMERO DE CONTROL
campo de control 63527
003 - IDENTIFICADOR DE NÚMERO DE CONTROL
campo de control ES-MaACL
005 - FECHA Y HORA DE LA ÚLTIMA TRANSACCIÓN
campo de control 20230906164910.0
007 - CAMPO FIJO DE DESCRIPCIÓN FÍSICA--INFORMACIÓN GENERAL
campo de control de longitud fija t|
008 - DATOS DE LONGITUD FIJA--INFORMACIÓN GENERAL
campo de control de longitud fija 031211s1905 fr ||||1| fre d
100 1# - ENTRADA PRINCIPAL--NOMBRE DE PERSONA
Nombre de persona Ferrero, Guglielmo.
9 (RLIN) 50546
245 10 - MENCIÓN DEL TÍTULO
Título Grandeur et decadence de Rome /
Mención de responsabilidad, etc. Gugliemo Ferrero.
250 ## - MENCION DE EDICION
Mención de edición 4eme ed.
260 ## - PUBLICACIÓN, DISTRIBUCIÓN, ETC.
Lugar de publicación, distribución, etc. Paris :
Nombre del editor, distribuidor, etc. Plon, Nourrit et Cie,
Fecha de publicación, distribución, etc. 1905.
300 ## - DESCRIPCIÓN FÍSICA
Extensión 3 v.
852 ## - LOCALIZACIÓN
Ubicación ES-MaACL
Número de control de estantería D-4736-38
Holdings
Estatus retirado Estado de pérdida Estado de daño No para préstamo Biblioteca de origen Biblioteca actual Ubicación en estantería Fecha de adquisición Fuente de adquisición Total de préstamos Signatura topográfica completa Código de barras Visto por última vez Precio de reemplazo Tipo de ítem Koha
        Biblioteca del Ateneo de Madrid Biblioteca del Ateneo de Madrid Sala Valle Inclán 17/01/2008     D-4736-38 901066586 23/02/2023 23/02/2023 Libro impreso